| 000 | 00954cam a2200289 4500 | ||
|---|---|---|---|
| 001 | 3127340 | ||
| 003 | OSt | ||
| 005 | 20230704110554.0 | ||
| 008 | 710414s1971 nju b 001 0 eng | ||
| 010 | _a 70132236 | ||
| 020 | _a0691092230 | ||
| 040 |
_aDLC _cDLC _dDLC |
||
| 050 | 0 | 0 |
_aKZ3110.C67 _bA35 1971 |
| 082 | 0 | 0 |
_a341/.09 _bCOR |
| 100 | 1 |
_aCorbett, Percy Ellwood, _d1892-1983. |
|
| 245 | 1 | 4 |
_aThe growth of world law, _cby Percy E. Corbett. |
| 260 |
_aPrinceton, N.J., _bPrinceton University Press, _c1971. |
||
| 300 |
_axii, 216 p. _c23 cm. |
||
| 350 | _a$7.50 | ||
| 504 | _aIncludes bibliographical references. | ||
| 650 | 0 | _aInternational law. | |
| 650 | 0 | _aInternational agencies. | |
| 856 | 4 | 2 |
_3Publisher description _uhttp://www.loc.gov/catdir/enhancements/fy1505/70132236-d.html |
| 906 |
_a7 _bcbc _corignew _d2 _encip _f19 _gy-gencatlg |
||
| 942 |
_2ddc _cBK |
||
| 999 |
_c3708 _d3708 |
||